00191 a2200085 450000100060000008200140000610000140002024500420003426000290007664694 a512.5 LIP aLipschutz aTheory and problems of Linear algebra cSchaum's outline service